000 00555nam a22001937a 4500
005 20170629102400.0
010 _aENG-119001
020 _c4500.00
_a9788177421460
035 _aEN-102533
037 _bDBAD/PUB
082 _a327.54051
100 _aLokesh Chandra
245 _aIndia and China /
_cby Lokesh Chandra
260 _aNew Delhi
_bAditya Prakashan
_c2016
270 _bNew Delhi
_e110002
_a2/18 Ansari Road, Daryaganj
300 _a469p.
_c28cm(Hb)
_bill
500 _aincludes index
942 _2ddc
_cEN
_mLOK
_h327.54051
999 _c142069
_d142069